La gestion de l'eau selon l'Islam /

محفوظ في:

المؤلف الرئيسي: Biswas, Asit K. (مؤلف)

مؤلفون آخرون: Bino, Murad J.

التنسيق: كتاب

اللغة: French

سلاسل: Economie et developpement.

الموضوعات:

الوسوم: إضافة وسم

لا توجد وسوم, كن أول من يضع وسما على هذه التسجيلة!

رقم الطلب: HD1698.7 .W3814

LEADER 01152namaa2200289 4500
003 OSt
005 20200414091752.0
008 130303s2003 fr g 000 0 fre d
952 |0 0  |1 0  |2 lcc  |4 0  |6 HD16987 W3814  |7 1  |9 1377  |a ARCE  |b ARCE  |d 2020-04-14  |l 0  |o HD1698.7 .W3814  |p 1004951  |r 2020-04-14 00:00:00  |w 2020-04-14  |y BK 
999 |c 2754  |d 2754 
020 |a 088936995x 
040 |c ARCE Library 
043 |a aw----- 
050 0 4 |a HD1698.7 .W3814 
100 1 |a Biswas, Asit K.,  |e author  |9 26853 
245 1 3 |a La gestion de l'eau selon l'Islam /  |c Asit K Biswas, Murad J. Bino. 
264 1 |a Paris :  |b Editions Karthala,  |c 2003. 
300 |a 206 pages :  |c 24 cm. 
336 |a text  |b txt  |2 rdacontent 
337 |a unmediated  |b n  |2 rdamedia 
338 |a volume  |b nc  |2 rdacarrier 
490 0 |a Economie et developpement. 
500 |a Traduction de : Water management in Islam Diffuse par le Programme des Services de depot du Gouvernment du Canada Comprend des ref.bibliogr .et un index Publ.en collab.avec : Presses de l'Universites des Nations-Unies. 
650 0 |a Water  |x Supply  |z Middle East. 
700 1 |a Bino, Murad J.   |9 26820 
901 |a reviewed 
942 |c BK  |2 lcc